• 首页
  • 本馆介绍
  • 公告通知
  • 最新文献
  • 馆藏检索
  • 电子资源
  • 读者导购
  • 参考咨询
  • 我的图书馆
  • 登录
  • 详细信息显示
  • 放入我的书架
  • 预约/预借图书
  • 作者相关作品
  • 分类相关作品
  • 丛书相关作品
  • 出版社相关作品

书目信息

  • 表格格式
  • 工作单格式
  • 卡片格式
题名:
内科护理手册
    
 
作者: 丁文群 编
分册:  
出版信息:   河南科学技术出版社  1983.11
页数: 194页
开本: 20cm
丛书名:
单 册:
中图分类: R473.5
科图分类:
主题词:
电子资源:
ISBN:
000 00491nam0 2200181 45
001 0181013238
005 20061121142432.62
010    @dCNY0.75
100    @a20810111d km y0chiy0120 ea
101 0  @achi
105    @a z 000yy
200 1  @Anei ke hu li shou ce@Fding wen qun@a内科护理手册@f丁文群等编
210    @c河南科学技术出版社@d1983.11
215    @a194页@c无图表@d20cm
690    @aR473.5
701 0  @a丁文群@4编
801    @aCN@bTSTC@c20061121
905    @dR473.5@e12@f2@b116999-7000
    
    内科护理手册/丁文群等编.-河南科学技术出版社,1983.11
    194页:无图表;20cm
    
    
    ISBN :CNY0.75
    
●
相关链接 在E读中查询图书 在五车中查询图书 在当当中查询图书 在豆瓣中查询图书


正题名:内科护理手册     索取号:R473.5/12         预约/预借

序号 登录号 条形码 馆藏地/架位号 状态 备注
1 0117000   000714427   第二样本阅览室/ [索取号:R473.5/12] 在馆    
唐山师范学院图书馆 欢迎您!
大连网信软件有限公司© 版权所有